00000000nam##2200000za#4500
0019.660531
003CaOODSP
00520230202144025
007ta
008150407|1998||||xxc|||||     f|0| 0 eng|d
020 |a0-662-27296-X
040 |aCaOODSP|beng
041 |aeng
041 |afre
043 |an-cn---
0861 |aH72-21/166-1998
1102 |aNational Clearinghouse on Family Violence (Canada)‏.
24510|aDemocratizing excellence : |bthe experience of the Research Centres on Family Violence and Violence against Women
260 |aOttawa - Ontario : |bHealth Canada. |c1998.
300 |aEnglish text, 32p. ; |c28 cm.
500 |a"This report synthesizes the experience of Research Centre members and draws lessons from the project. Information comes from reports of several review process built into the project, from documents on the funder's files, from an evaluation of SSHRC's Strategic Grants Program from which the Research Centres benefited, and from focus groups that each Research Centre organized at the request of the founders in 1996/97."--Page 1.
5203 |aThis report synthesizes the experience of Research Centre members and draws lessons from the project. Information comes from reports of several review process built into the project, from documents on the funder's files, from an evaluation of SSHRC's Strategic Grants Program from which the Research Centres benefited, and from focus groups that each Research Centre organized at the request of the founders in 1996/97.--Page 1
546 |aBilingual
563 |aSoftcover
590 |a99-37|b1999-09-17
69007|aViolence against children|2gcpds
69007|aFunding|2gcpds
69007|aViolence against women|2gcpds
7760#|tDémocratisation de l'excellence : |w(CaOODSP)9.640187
7760#|tDemocratizing excellence : |w(CaOODSP)9.695720
792 |tDémocratisation de l'excellence : |efre|w(CaOODSP)9.660532